<?xml version="1.0" encoding="UTF-8"?><?xml-stylesheet type="text/xsl" href="static/style.xsl"?><OAI-PMH xmlns="http://www.openarchives.org/OAI/2.0/" xmlns:xsi="http://www.w3.org/2001/XMLSchema-instance" xsi:schemaLocation="http://www.openarchives.org/OAI/2.0/ http://www.openarchives.org/OAI/2.0/OAI-PMH.xsd"><responseDate>2026-04-17T05:39:54Z</responseDate><request verb="GetRecord" identifier="oai:riubu.ubu.es:10259/4261" metadataPrefix="marc">https://riubu.ubu.es/oai/request</request><GetRecord><record><header><identifier>oai:riubu.ubu.es:10259/4261</identifier><datestamp>2022-04-26T11:42:12Z</datestamp><setSpec>com_10259_2699</setSpec><setSpec>col_10259_2705</setSpec></header><metadata><record xmlns="http://www.loc.gov/MARC21/slim" xmlns:doc="http://www.lyncode.com/xoai" xmlns:xsi="http://www.w3.org/2001/XMLSchema-instance" xmlns:dcterms="http://purl.org/dc/terms/" xsi:schemaLocation="http://www.loc.gov/MARC21/slim http://www.loc.gov/standards/marcxml/schema/MARC21slim.xsd">
<leader>00925njm 22002777a 4500</leader>
<datafield tag="042" ind1=" " ind2=" ">
<subfield code="a">dc</subfield>
</datafield>
<datafield tag="720" ind1=" " ind2=" ">
<subfield code="a">Domingo Mena, Salvador</subfield>
<subfield code="e">author</subfield>
</datafield>
<datafield tag="260" ind1=" " ind2=" ">
<subfield code="c">2016</subfield>
</datafield>
<datafield tag="520" ind1=" " ind2=" ">
<subfield code="a">El presente trabajo desarrollado como Tesis de Doctorado se enmarca dentro del programa&#xd;
de la Universidad de Burgos que lleva por título “La vida cotidiana en Castilla&#xd;
y León” y ha sido realizado bajo la dirección del doctor D. Juan José García González,&#xd;
catedrático de Historia Medieval.&#xd;
El contenido se identifica con los itinerarios que unían la ciudad de Burgos con los puertos&#xd;
del Cantábrico centro-oriental y, en concreto, con los de Santander, Laredo, Castro-&#xd;
Urdiales, Bilbao y Portugalete. El autor aspira en este plano a la restitución más fidedigna&#xd;
posible de sus trazados y de las variantes que fueron incorporando.&#xd;
Su ámbito territorial comprende la mitad septentrional de la actual provincia de Burgos,&#xd;
el tramo oriental de la Comunidad Autónoma de Cantabria y el segmento occidental&#xd;
de las provincias de Álava y Vizcaya. El marco cronológico se circunscribe a los siglos XV y&#xd;
XVI o, si se prefiere, al período que opera como puente de paso de la Edad Media a la Edad&#xd;
Moderna.&#xd;
A pesar de que el territorio burgalés es y ha sido siempre una encrucijada de caminos,&#xd;
los estudios que se les han dedicado están bien lejos de cubrir las expectativas. Con los&#xd;
límites de espacio y tiempo ya glosados, se pretende contribuir con este trabajo a colmar&#xd;
dicha laguna.</subfield>
</datafield>
<datafield tag="024" ind2=" " ind1="8">
<subfield code="a">http://hdl.handle.net/10259/4261</subfield>
</datafield>
<datafield tag="024" ind2=" " ind1="8">
<subfield code="a">10.36443/10259/4261</subfield>
</datafield>
<datafield ind1=" " ind2=" " tag="653">
<subfield code="a">Caminería</subfield>
</datafield>
<datafield ind1=" " ind2=" " tag="653">
<subfield code="a">Burgos</subfield>
</datafield>
<datafield ind1=" " ind2=" " tag="653">
<subfield code="a">Santander</subfield>
</datafield>
<datafield ind1=" " ind2=" " tag="653">
<subfield code="a">Bilbao</subfield>
</datafield>
<datafield ind1=" " ind2=" " tag="653">
<subfield code="a">Historia</subfield>
</datafield>
<datafield ind1=" " ind2=" " tag="653">
<subfield code="a">History</subfield>
</datafield>
<datafield ind1=" " ind2=" " tag="653">
<subfield code="a">Roads</subfield>
</datafield>
<datafield tag="245" ind1="0" ind2="0">
<subfield code="a">Caminos burgaleses: los caminos del norte (Siglos XV Y XVI)</subfield>
</datafield>
</record></metadata></record></GetRecord></OAI-PMH>